| 000 | 00439nam a2200169 a 4500 | ||
|---|---|---|---|
| 003 | SISC | ||
| 005 | 20160222160056.0 | ||
| 008 | 030610s19uu xx 00 eng d | ||
| 050 |
_aQB 801.6 _b.As85 1996 |
||
| 100 |
_aIsaac Asimov's _930556 |
||
| 245 |
_aThe Exploding Suns : _bthe secrets of the supernovas / |
||
| 260 | _cc1996. | ||
| 300 |
_a301 _bill. ; _c23 cm |
||
| 650 |
_aOuter space. _921000 |
||
| 942 |
_cBK _2lcc |
||
| 999 |
_c39810 _d39810 |
||